Quiz sur l'Empire mongol - Statistiques

Statistiques générales
  • Ce quiz a été pris 3 191 fois
  • Le résultat moyen est 9 sur 19
Statistiques - réponses
Question Réponse % Correct
Comment s'appelle le fondateur de l'Empire mongol ? {Gengis} Khan
95%
Quelle construction de renommée mondiale cette dynastie a-t-elle renforcée afin de se protéger des Mongols? Grande Muraille
79%
Quel marchand vénitien a travaillé en tant qu'émissaire principal pour ce Khan ? Marco Polo
73%
Quelle nation les Mongols ont-ils tenté d'envahir deux fois, échouant car étant frappés par des typhons à chaque fois ? Japon
69%
Comment s'appelle le type d'habitation des nomades mongols ? Yourte
67%
Quelle dynastie, portant le même nom que l'actuelle devise monétaire chinoise, a-t-il fondé ? Yuan
63%
Quel a été le seul empire au monde plus grand que l'Empire mongol ? Empire {britannique}
60%
Quelle dynastie a renversé l'Empire mongol en Chine en 1368 ? Ming
56%
Le siège de cette ville par les Mongols mit fin à l'Âge d'or de l'Islam Bagdad
49%
Petit-fils de ce dernier, il conquit la Chine en 1279 {Kubilai} Khan
47%
Dans quel pays moderne se trouvait le point le plus à l'Ouest de l'Empire mongol ? Pologne
45%
Quel Empire indien, fondé au XVIème siècle, se déclarait comme étant le descendant des Mongols ? Empire {moghol}
42%
Quel khanat a gouverné une grande partie de l'Europe de l'Est pendant des années avant d'être conquis par le Khan de Crimée en 1503 ? {Horde} d'or
36%
Quel homme a repris au XIVème siècle l'ambition de domination universelle et a conquis une grande partie de l'Asie centrale et occidentale ? Tamerlan
27%
Quelle dynastie était au pouvoir en Chine au moment ou il l'a conquise ? Song
23%
Nom de naissance de ce dernier Temüjin
23%
Quelle ville a été la capitale de l’Empire mongol de 1235 à 1260 ? Karakorum
14%
Quel est le nom du code juridique mongol ? Yassa
7%
Quel était le nom du système postal mis en place dans l'Empire mongol, qui permettait de transmettre rapidement toutes sortes d'informations importante ? Yam
6%
Aucun quiz correspondant
Distribution des résultats
% des personnes avec chaque résultat
Percentile par nombre de réponses
Votre historique - résultats
Vous n’avez pas pris ce quiz